00649nam a2200205 a 450000100060000000300080000600500170001400800410003103500200007204000370009204100080012908200280013710000470016524500650021225000120027726000450028930000250033465100470035971000370040660954BD-RjUL20211209080914.0190204s1946 ii 000 0 eng d a(BD-RjUL) 61078 aVA@cVA@dOCLdEQOdBD-RjULbeng aeng 223a321.00954bRON 19461 aRoy, M. N.q(Manabendra Nath),d1887-1954.10aNational government or people's government? /cby M. N. Roy. a2nd ed. aBombay :bRenaissance Publishers,c1946. axii, 84 p. ;c18 cm. 0aIndiaxPolitics and governmenty1919-1947.2 aRadical Democratic Party (India)